[Event "Tortosa op"]
[Site "Tortosa"]
[Date "1996.07.13"]
[Round "9"]
[White "Martinez Ebri, Alfredo"]
[Black "Sanchez Bernardino, Miguel Angel"]
[Result "1/2-1/2"]
[WhiteElo "2010"]
[BlackElo "2065"]
[PlyCount "50"]
[EventDate "1996.07.05"]
[EventType "swiss"]
[EventRounds "9"]
[EventCountry "ESP"]
[SourceTitle "EXT 2003"]
[Source "ChessBase"]
[SourceDate "2002.11.25"]
[SourceVersion "1"]
[SourceVersionDate "2002.11.25"]
[SourceQuality "1"]

1. e4 d5 2. exd5 Nf6 3. c4 c6 4. dxc6 Nxc6 5. Nf3 e5 6. d3 Bf5 7. Nc3 Qd7 8. Be2 Rd8 9. 0-0 Bxd3 10. Bxd3 Qxd3 11. Qxd3 Rxd3 12. Re1 Bd6 13. Bf4 Nd7 14. Rad1 Rxd1 15. Rxd1 Bb4 16. Bd2 0-0 17. Nd5 Bxd2 18. Rxd2 Ndb8 19. Re2 f6 20. Kf1 Na6 21. b3 Nab4 22. Nxb4 Nxb4 23. Rd2 h6 24. a3 Nc6 25. Rd7 Rf7 1/2-1/2

[Event "Tortosa op"]
[Site "Tortosa"]
[Date "1996.07.08"]
[Round "4"]
[White "Martinez Ebri, Alfredo"]
[Black "Poy Prades, Marti"]
[Result "1-0"]
[WhiteElo "2010"]
[BlackElo "2010"]
[PlyCount "47"]
[EventDate "1996.07.05"]
[EventType "swiss"]
[EventRounds "9"]
[EventCountry "ESP"]
[SourceTitle "EXT 2003"]
[Source "ChessBase"]
[SourceDate "2002.11.25"]
[SourceVersion "1"]
[SourceVersionDate "2002.11.25"]
[SourceQuality "1"]

1. e4 e5 2. Nf3 Nc6 3. Bb5 a6 4. Ba4 Nf6 5. 0-0 b5 6. Bb3 Be7 7. Re1 d6 8. c3 0-0 9. d3 Bg4 10. Nbd2 Na5 11. Bc2 c5 12. Nf1 Nc6 13. h3 Be6 14. Ng3 Re8 15. Ng5 Bc8 16. Bb3 Rf8 17. Nh5 Nxh5 18. Qxh5 Bxg5 19. Bxg5 Qe8 20. Bd5 Be6 21. Bxc6 Qxc6 22. Bf6 Kh8 23. Bxg7+ Kg8 24. Bf6 1-0